[Event "Jugoslavija"]
[Site "?"]
[Date "2000.??.??"]
[Round "?"]
[White "Rajkovic, Du"]
[Black "Beliavsky, A."]
[Result "1/2-1/2"]
[WhiteElo "2470"]
[BlackElo "2650"]
[PlyCount "106"]
[EventDate "2000.??.??"]
[Source "Chess Informant"]
[SourceDate "2000.06.01"]

1. d4 Nf6 2. c4 e6 3. Nc3 Bb4 4. Bg5 c5 5. d5 h6 6. Bh4 b5 7. cxb5 g5 8. Bg3 Nxd5 9. Rc1 Nf6 10. Qd6 Qb6 11. f3 Nh5 12. Qxb6 axb6 13. Bd6 Ng7 14. e4 Kd8 15. a3 Bxc3+ 16. Rxc3 Ne8 17. e5 f6 18. h4 fxe5 19. Bxe5 Rg8 20. hxg5 hxg5 21. Rh7 d5 22. f4 Nd7 23. Rch3 Ra4 24. Bd3 Nxe5 25. fxe5 Bd7 26. Ne2 Nc7 27. R3h6 Rh4 28. Rxh4 gxh4 29. Nf4 Rg4 30. Nh5 Rg5 31. Rh8+ Be8 32. Nf6 c4 33. Be2 Rxe5 34. a4 Ke7 35. Nxe8 Nxe8 36. a5 d4 37. a6 Rxb5 38. Bxc4 Rxb2 39. Rxh4 Nc7 40. Rxd4 Rb4 41. Rg4 Kd6 42. a7 Ra4 43. Rg7 Rxa7 44. g4 Ra4 45. Bb3 Ra3 46. Bc2 Nd5 47. g5 Ke5 48. g6 Nb4 49. Bd1 Rg3 50. Kf2 Rg5 51. Rb7 Nd5 52. g7 Kf6 53. Bf3 Ne7 1/2-1/2

[Event "Isle of Man Open"]
[Site "Isle of Man IOM"]
[Date "1994.??.??"]
[Round "6"]
[White "Milov, Vadim"]
[Black "Emms, John M"]
[Result "1/2-1/2"]
[WhiteElo "2585"]
[BlackElo "2525"]
[PlyCount "114"]
[EventDate "1994.09.??"]
[Source "www.chesslib.no"]
[SourceDate "2004.05.04"]

1. d4 Nf6 2. c4 e6 3. Nc3 Bb4 4. Bg5 c5 5. d5 d6 6. f3 exd5 7. cxd5 O-O 8. e4 Re8 9. Qd2 a6 10. Nge2 Nbd7 11. Ng3 b5 12. a3 Ba5 13. Be2 h6 14. Be3 Ne5 15. O-O Rb8 16. Bf2 Bb6 17. b4 cxb4 18. axb4 Bxf2+ 19. Kxf2 h5 20. h4 g6 21. Rh1 Re7 22. Rhc1 Nh7 23. Nd1 Rc7 24. Rxc7 Qxc7 25. Nf1 Bb7 26. Rc1 Qd8 27. Kg3 Rc8 28. f4 Nd7 29. Rxc8 Bxc8 30. Qc3 Bb7 31. Nd2 Nhf6 32. Nf2 Qc8 33. Qxc8+ Bxc8 34. Kf3 Nb6 35. Ke3 Bb7 36. Kd4 Kf8 37. Bf3 Ke7 38. Nd1 Ne8 39. Ne3 Ng7 40. Nb3 Ba8 41. Na5 Ne8 42. g4 hxg4 43. Bxg4 Ng7 44. Nc6+ Bxc6 45. dxc6 Ne8 46. f5 Nc7 47. e5 dxe5+ 48. Kxe5 Nc4+ 49. Nxc4 bxc4 50. f6+ Kd8 51. Kd4 c3 52. Kxc3 Nd5+ 53. Kd4 Nxf6 54. Be2 Kc7 55. Bxa6 Kxc6 56. Bc4 g5 57. Ke5 Nd7+ 1/2-1/2

[Event "Brno Morava-A"]
[Site "Brno"]
[Date "1991.??.??"]
[Round "1"]
[White "Murshed, Niaz"]
[Black "Dautov, Rustem"]
[Result "1/2-1/2"]
[WhiteElo "2510"]
[BlackElo "2595"]
[PlyCount "25"]
[EventDate "1991.09.??"]
[Source "ChessBase"]

1. d4 Nf6 2. c4 e6 3. Nc3 Bb4 4. Bg5 c5 5. d5 d6 6. e3 Qe7 7. Nge2 exd5 8. a3 Bxc3+ 9. Nxc3 dxc4 10. Nd5 Qd8 11. Bxf6 gxf6 12. Bxc4 Be6 13. O-O 1/2-1/2

[Event "Baden-Baden"]
[Site "Baden-Baden"]
[Date "1981.??.??"]
[Round "?"]
[White "Hort, Vlastimil"]
[Black "Unzicker, Wolfgang"]
[Result "1/2-1/2"]
[WhiteElo "2595"]
[BlackElo "2505"]
[PlyCount "80"]
[EventDate "1981.07.??"]
[Source "ChessBase"]

1. d4 Nf6 2. c4 e6 3. Nc3 Bb4 4. Bg5 h6 5. Bh4 c5 6. e3 Nc6 7. Rc1 d6 8. Nf3 g5 9. Bg3 Ne4 10. d5 Ne7 11. Bd3 Bxc3+ 12. bxc3 Nxg3 13. hxg3 Ng6 14. dxe6 Bxe6 15. Be4 Qd7 16. Rb1 Rb8 17. Qc2 g4 18. Nd2 Ne7 19. Rd1 Kf8 20. f4 gxf3 21. gxf3 b5 22. cxb5 d5 23. Bd3 Qc7 24. Kf2 c4 25. Be2 Rxb5 26. Nf1 Bf5 27. Qd2 Qe5 28. Qd4 Qxd4 29. Rxd4 Ra5 30. e4 dxe4 31. Bxc4 Nc6 32. Rd5 exf3 33. Rxa5 Nxa5 34. Bd5 Be6 35. Rh5 Nc4 36. Bxe6 fxe6 37. Rc5 Nd6 38. Rc7 Nb5 39. Rc5 Nd6 40. Rc7 Nb5 1/2-1/2

[Event "Mondariz zt 1.1"]
[Site "Mondariz"]
[Date "2000.09.11"]
[Round "8"]
[White "Vallejo Pons, Francisco"]
[Black "Parker, Jonathan"]
[Result "1/2-1/2"]
[WhiteElo "2554"]
[BlackElo "2539"]
[PlyCount "100"]
[EventDate "2000.09.03"]
[Source "ChessBase"]
[SourceDate "2000.11.21"]

1. d4 Nf6 2. c4 e6 3. Nc3 Bb4 4. Bg5 c5 5. d5 d6 6. e3 exd5 7. cxd5 Nbd7 8. Bb5 h6 9. Bh4 O-O 10. Nge2 Ne5 11. a3 Ba5 12. O-O Ng6 13. Bg3 Nh5 14. Rb1 a6 15. Bd3 Nxg3 16. hxg3 Ne5 17. b4 cxb4 18. axb4 Bb6 19. b5 axb5 20. Nxb5 Bc5 21. Nec3 Bg4 22. Be2 Bf5 23. Rb3 Qe7 24. Re1 Bg6 25. Kh2 Nd7 26. Kg1 Ne5 27. Kf1 Rfe8 28. Nd4 Ra3 29. Rxa3 Bxa3 30. Qa4 Bc5 31. Nb3 Nd3 32. Bxd3 Bxd3+ 33. Kg1 Bc2 34. Re2 Bxb3 35. Qxb3 Ra8 36. Ra2 Rxa2 37. Nxa2 Qe5 38. Nc3 b6 39. Kf1 Qf5 40. Qb1 Qf6 41. Qd3 Bb4 42. Nb5 Qa1+ 43. Ke2 Qa2+ 44. Kf1 Qa1+ 45. Ke2 g6 46. g4 Qa2+ 47. Kf1 Qa1+ 48. Ke2 Qa2+ 49. Kf1 Bc5 50. Nc3 Qb3 1/2-1/2

[Event "Sankt_Peterburg"]
[Site "?"]
[Date "1993.??.??"]
[Round "?"]
[White "Lempert, I."]
[Black "Tiviakov, S."]
[Result "1-0"]
[WhiteElo "2455"]
[BlackElo "2635"]
[PlyCount "66"]
[EventDate "1993.??.??"]
[Source "ChessBase"]
[SourceDate "1994.02.01"]

1. d4 Nf6 2. c4 e6 3. Nc3 Bb4 4. Bg5 h6 5. Bh4 c5 6. d5 b5 7. cxb5 g5 8. Bg3 Nxd5 9. Rc1 Bb7 10. Nf3 a6 11. h4 g4 12. Nd2 Bxc3 13. bxc3 axb5 14. e4 Nf6 15. Bxb5 Rxa2 16. O-O Bc6 17. Rb1 Bxb5 18. Rxb5 Nc6 19. e5 Nh5 20. Ne4 f5 21. exf6 Nxf6 22. Nd6+ Ke7 23. Qb1 Rd2 24. Qg6 Qf8 25. Nc8+ Kd8 26. Qb1 e5 27. Bxe5 Nxe5 28. Rb8 Nc6 29. Re1 Nxb8 30. Qxb8 Ne4 31. Nd6+ Ke7 32. Rxe4+ Kf6 33. Ne8+ Kg6 1-0

[Event "Bundesliga 8182"]
[Site "Germany"]
[Date "1982.??.??"]
[Round "?"]
[White "Hort, Vlastimil"]
[Black "Schussler, Harry"]
[Result "1/2-1/2"]
[WhiteElo "2595"]
[BlackElo "2495"]
[PlyCount "79"]
[EventDate "1981.10.??"]
[Source "ChessBase"]
[SourceDate "1999.07.01"]

1. d4 Nf6 2. c4 e6 3. Nc3 Bb4 4. Bg5 c5 5. d5 d6 6. e3 Bxc3+ 7. bxc3 e5 8. f3 h6 9. Bh4 Kd7 10. Bd3 Kc7 11. Ne2 Qe7 12. Qc2 Nbd7 13. Rb1 Nf8 14. Rb2 Bd7 15. O-O Rg8 16. Qb3 Bc8 17. Rfb1 Ng6 18. Bg3 e4 19. fxe4 Ne5 20. Bc2 Nfg4 21. Nd4 Nxe3 22. Nf5 Nxf5 23. exf5 f6 24. Qxb7+ Bxb7 25. Rxb7+ Kd8 26. Rxe7 Kxe7 27. Rb7+ Kf8 28. Bxe5 fxe5 29. Ba4 Rd8 30. Rxa7 h5 31. Bb5 Rh8 32. a4 Rh6 33. a5 Rf6 34. a6 Rxf5 35. Rd7 Ra8 36. Rxd6 Rf6 37. Rd7 Rf7 38. Rd6 Rf6 39. Rd7 Rf7 40. Rd6 1/2-1/2

[Event "Yerevan op"]
[Site "Yerevan"]
[Date "1996.??.??"]
[Round "6"]
[White "Lempert, Igor"]
[Black "Razuvaev, Yuri S"]
[Result "1/2-1/2"]
[WhiteElo "2505"]
[BlackElo "2580"]
[PlyCount "107"]
[EventDate "1996.??.??"]
[Source "www.chesslib.no"]
[SourceDate "2004.05.04"]

1. d4 Nf6 2. c4 e6 3. Nc3 Bb4 4. Bg5 h6 5. Bh4 c5 6. d5 b5 7. cxb5 exd5 8. e3 Bb7 9. Nge2 a6 10. a3 Ba5 11. Qa4 g5 12. Bg3 d6 13. bxa6+ Bc6 14. Qc2 Nxa6 15. O-O-O Nc7 16. h4 Nh5 17. hxg5 Nxg3 18. Nxg3 Qxg5 19. Rh5 Qg6 20. Bd3 Qf6 21. Rf5 Qe7 22. Nh5 O-O-O 23. Nf4 Bxc3 24. Qxc3 Rhg8 25. Qf6 Rd7 26. Qxh6 Ba4 27. Qh7 Re8 28. Rd2 d4 29. Re2 Qd8 30. Rxf7 Rh8 31. Rxd7 Bxd7 32. Qe4 Rh1+ 33. Kd2 d5 34. Nxd5 Nxd5 35. Qxd5 Rd1+ 36. Kxd1 Ba4+ 37. b3 Qxd5 38. bxa4 dxe3 39. Rxe3 c4 40. Ke2 cxd3+ 41. Rxd3 Qxg2 42. Rg3 Qh1 43. a5 Kb7 44. Re3 Ka6 45. Rg3 Kxa5 46. Re3 Kb5 47. Rg3 Kc4 48. Re3 Kd4 49. Rg3 Qb1 50. Re3 Qb5+ 51. Ke1 Qa6 52. Rg3 Ke4 53. Re3+ Kf4 54. Rg3 1/2-1/2

[Event "CSR-ch"]
[Site "Sumperk"]
[Date "1984.??.??"]
[Round "9"]
[White "Hort, Vlastimil"]
[Black "Lechtynsky, Jiri"]
[Result "1-0"]
[WhiteElo "2615"]
[BlackElo "2470"]
[PlyCount "82"]
[EventDate "1984.06.??"]
[Source "ChessBase"]

1. d4 Nf6 2. c4 e6 3. Nc3 Bb4 4. Bg5 h6 5. Bh4 c5 6. e3 d6 7. Bd3 Nbd7 8. Nge2 e5 9. O-O g5 10. Bg3 Qe7 11. Nb5 Kf8 12. Qa4 a6 13. Nbc3 Bxc3 14. Nxc3 Kg7 15. Rad1 Re8 16. Rd2 cxd4 17. exd4 exd4 18. Ne2 Nc5 19. Qa3 h5 20. h4 Nfe4 21. Bxe4 Nxe4 22. Rxd4 gxh4 23. Bh2 Qf6 24. Qe3 Bf5 25. Qf4 Bg6 26. Qxf6+ Nxf6 27. Nc3 Ne4 28. Nd5 Rac8 29. Bf4 b5 30. Rc1 bxc4 31. Rdxc4 Rxc4 32. Rxc4 Rb8 33. b4 Rb5 34. Rd4 Rb7 35. a3 a5 36. f3 Ng3 37. Kf2 axb4 38. axb4 Ra7 39. b5 Nf5 40. Rd2 Rb7 41. b6 Ne7 1-0

[Event "Cappelle Open"]
[Site "Cappelle la Grande FRA"]
[Date "1995.??.??"]
[Round "5"]
[White "Lempert, Igor"]
[Black "Sokolov, Andrei"]
[Result "0-1"]
[WhiteElo "2510"]
[BlackElo "2575"]
[PlyCount "51"]
[EventDate "1995.03.??"]
[Source "www.chesslib.no"]
[SourceDate "2004.05.04"]

1. d4 Nf6 2. c4 e6 3. Nc3 Bb4 4. Bg5 h6 5. Bh4 c6 6. e3 Qa5 7. Qc2 Ne4 8. Nge2 d5 9. O-O-O Nxc3 10. Nxc3 Bxc3 11. bxc3 b6 12. cxd5 cxd5 13. c4 Bd7 14. Qd2 Qa4 15. cxd5 exd5 16. Kb2 Nc6 17. Rc1 Na5 18. Rc7 O-O 19. Qc2 Qb4+ 20. Ka1 Rfc8 21. Bg3 Rxc7 22. Bxc7 Qe1+ 23. Kb2 Rc8 24. g3 Qb4+ 25. Ka1 Ba4 26. Qc1 0-1

[Event "URS-JUG"]
[Site "Tbilisi"]
[Date "1973.??.??"]
[Round "1"]
[White "Taimanov, Mark E"]
[Black "Parma, Bruno"]
[Result "1/2-1/2"]
[WhiteElo "2585"]
[BlackElo "2500"]
[PlyCount "60"]
[EventDate "1973.??.??"]
[Source "ChessBase"]

1. d4 Nf6 2. c4 e6 3. Nc3 Bb4 4. Nf3 O-O 5. Bg5 h6 6. Bh4 c5 7. e3 d5 8. Rc1 cxd4 9. exd4 Nc6 10. cxd5 exd5 11. Be2 Qd6 12. O-O Ne4 13. Nb5 Qf4 14. Bg3 Nxg3 15. hxg3 Qb8 16. a3 Be7 17. Re1 Bf6 18. Qd3 a6 19. Nc3 Qd6 20. Bd1 Bg4 21. Bc2 g6 22. Bb3 Bxf3 23. Qxf3 Nxd4 24. Qxd5 Rad8 25. Qxd6 Rxd6 26. Bd5 Kg7 27. Kf1 Rd7 28. Ba2 Nc6 29. Rc2 Rfd8 30. Ne4 Be7 1/2-1/2

[Event "Manila Interzonal"]
[Site "Manila"]
[Date "1976.??.??"]
[Round "3"]
[White "Kavalek, Lubomir"]
[Black "Gheorghiu, Florin"]
[Result "1/2-1/2"]
[WhiteElo "2540"]
[BlackElo "2540"]
[PlyCount "31"]
[EventDate "1976.07.??"]
[Source "ChessBase"]

1. d4 Nf6 2. c4 e6 3. Nc3 Bb4 4. Bg5 c5 5. d5 h6 6. Bh4 exd5 7. cxd5 O-O 8. e3 d6 9. Bd3 Nbd7 10. Nge2 Ne5 11. O-O Ng6 12. Bg3 Nh5 13. Qc2 f5 14. f4 a6 15. Bf2 Ne7 16. e4 1/2-1/2

[Event "Skopje"]
[Site "Skopje"]
[Date "1976.??.??"]
[Round "6"]
[White "Timman, Jan H"]
[Black "Matanovic, Aleksandar"]
[Result "1/2-1/2"]
[WhiteElo "2550"]
[BlackElo "2525"]
[PlyCount "60"]
[EventDate "1976.03.??"]
[Source "ChessBase"]

1. d4 Nf6 2. c4 e6 3. Nc3 Bb4 4. Bg5 h6 5. Bh4 c5 6. d5 b5 7. e4 exd5 8. exd5 O-O 9. Bd3 bxc4 10. Bxc4 Bxc3+ 11. bxc3 d6 12. Ne2 Nbd7 13. O-O Ne5 14. Bd3 Ng6 15. Bg3 Nh5 16. Qc2 Nxg3 17. Nxg3 Nf4 18. Rfe1 Qg5 19. c4 Bd7 20. Bh7+ Kh8 21. Bf5 Rad8 22. Rab1 g6 23. Qc3+ Kg8 24. Bxd7 Rxd7 25. Qf3 f5 26. Ne2 Nh5 27. Nc3 Ng7 28. Qd3 Re7 29. Nb5 Rfe8 30. Rxe7 Qxe7 1/2-1/2

[Event "Wotulo mem"]
[Site "Jakarta"]
[Date "2001.03.25"]
[Round "4"]
[White "Sasikiran, Krishnan"]
[Black "Djuric, Stefan"]
[Result "0-1"]
[WhiteElo "2601"]
[BlackElo "2465"]
[PlyCount "110"]
[EventDate "2001.03.23"]
[Source "ChessBase"]
[SourceDate "2001.07.05"]

1. d4 Nf6 2. c4 e6 3. Nc3 Bb4 4. Bg5 Bxc3+ 5. bxc3 d6 6. f3 Nbd7 7. e4 Nf8 8. Bd3 e5 9. Ne2 Ne6 10. Be3 Nh5 11. c5 O-O 12. O-O Qe7 13. cxd6 cxd6 14. Qd2 Qc7 15. Rac1 Bd7 16. g4 Nf6 17. Ng3 Kh8 18. g5 Ng8 19. Nf5 f6 20. f4 Nxf4 21. Bxf4 exf4 22. Qxf4 Bxf5 23. Qxf5 g6 24. Qf4 Qe7 25. h4 Rac8 26. Qg4 d5 27. Kg2 dxe4 28. Qxe4 Qa3 29. h5 Rce8 30. Qxb7 Qxa2+ 31. Rc2 Qe6 32. hxg6 Ne7 33. Qf3 f5 34. g7+ Kxg7 35. Re2 Qd6 36. Qh3 Ng6 37. Rxe8 Rxe8 38. Rxf5 Qc6+ 39. d5 Qb7 40. c4 Qb2+ 41. Kh1 Qc1+ 42. Bf1 Re4 43. Qf3 Rh4+ 44. Kg1 Nf4 45. d6 Qb2 46. Bd3 Qa1+ 47. Kf2 Qd4+ 48. Kf1 Rh1+ 49. Qxh1 Qxd3+ 50. Kf2 Qxf5 51. Qa1+ Kg6 52. Qxa7 Ne6+ 53. Ke2 Qc2+ 54. Ke3 Qc3+ 55. Ke4 Qxc4+ 0-1

[Event "tt"]
[Site "Rotterdam tt"]
[Date "1994.??.??"]
[Round "?"]
[White "Brenninkmeijer, Joris"]
[Black "Van der Wiel, John T H"]
[Result "0-1"]
[WhiteElo "2495"]
[BlackElo "2570"]
[PlyCount "102"]
[EventDate "1994.??.??"]
[Source "www.chesslib.no"]
[SourceDate "2004.05.04"]

1. d4 Nf6 2. c4 e6 3. Nc3 Bb4 4. Bg5 c5 5. d5 d6 6. e3 exd5 7. cxd5 Nbd7 8. Bd3 Bxc3+ 9. bxc3 Qa5 10. Ne2 Nxd5 11. O-O c4 12. Bf5 N7b6 13. Ng3 Nxc3 14. Qxd6 f6 15. Bxc8 Nxc8 16. Qe6+ Ne7 17. e4 Qxg5 18. Rfc1 Ncd5 19. exd5 Qxd5 20. Qxd5 Nxd5 21. Rxc4 O-O 22. Rd1 Nb6 23. Rc7 Rad8 24. Rxd8 Rxd8 25. Kf1 Rd7 26. Rc2 Kf7 27. Ne4 Re7 28. f3 f5 29. Nd6+ Kf6 30. Rc5 g6 31. Nb5 a6 32. Nd4 Na4 33. Rc2 Ke5 34. Nb3 Kd6 35. Kf2 Nb6 36. Rd2+ Kc6 37. h4 Kb5 38. h5 Rd7 39. Re2 a5 40. hxg6 hxg6 41. Re5+ Rd5 42. Re7 a4 43. Nc1 Rd7 44. Re5+ Kb4 45. Re6 Nc4 46. Rxg6 Rd1 47. Ne2 Rd2 48. Rg7 b5 49. Ke1 Rxa2 50. Rb7 Rxe2+ 51. Kxe2 a3 0-1

[Event "Sochi"]
[Site "Sochi"]
[Date "1986.??.??"]
[Round "1"]
[White "Ionescu, Constantin"]
[Black "Eingorn, Vereslav S"]
[Result "0-1"]
[WhiteElo "2495"]
[BlackElo "2570"]
[PlyCount "60"]
[EventDate "1986.09.??"]
[Source "ChessBase"]

1. d4 e6 2. c4 Nf6 3. Nc3 Bb4 4. Bg5 c5 5. d5 d6 6. e3 exd5 7. cxd5 Nbd7 8. Bd3 Qa5 9. Nge2 Nxd5 10. O-O Bxc3 11. bxc3 c4 12. Bf5 N7b6 13. Nd4 Nxc3 14. Qg4 h5 15. Qf3 Qd5 16. Qxd5 Nbxd5 17. e4 Nb6 18. Bxc8 Rxc8 19. Rfe1 Rc5 20. Bf4 Nb5 21. Nxb5 Rxb5 22. a4 Ra5 23. Reb1 O-O 24. Bxd6 Rc8 25. Bf4 c3 26. Kf1 Rc4 27. Ke2 Rxe4+ 28. Be3 Rexa4 29. Rxa4 Rxa4 30. Kd3 Nd5 0-1

[Event "Moscow-A"]
[Site "Moscow RUS"]
[Date "1987.??.??"]
[Round "?"]
[White "Ionescu, Constantin"]
[Black "Benjamin, Joel L"]
[Result "1/2-1/2"]
[WhiteElo "2520"]
[BlackElo "2535"]
[PlyCount "61"]
[EventDate "1987.06.??"]
[Source "www.chesslib.no"]
[SourceDate "2004.05.04"]

1. d4 Nf6 2. c4 e6 3. Nc3 Bb4 4. Bg5 c5 5. Rc1 cxd4 6. Qxd4 Nc6 7. Bxf6 Qxf6 8. Qxf6 gxf6 9. Nf3 b6 10. a3 Bxc3+ 11. Rxc3 Bb7 12. e3 Rg8 13. Nd2 Rc8 14. f3 f5 15. Kf2 Ne5 16. Be2 d6 17. Rhc1 Ke7 18. Nb3 Rc7 19. Nd4 a6 20. Bf1 Rgc8 21. Ke1 Nd7 22. b4 Ne5 23. Kd2 h5 24. R1c2 h4 25. h3 Nd7 26. Kc1 Nf6 27. Kb2 Nh5 28. Rc1 Kf6 29. Bd3 Rg8 30. R3c2 Bc8 31. Rf2 1/2-1/2

[Event "World Open"]
[Site "Philadelphia, PA USA"]
[Date "1989.??.??"]
[Round "8"]
[White "Ivanov, Igor V"]
[Black "Browne, Walter S"]
[Result "0-1"]
[WhiteElo "2515"]
[BlackElo "2535"]
[PlyCount "106"]
[EventDate "1989.06.??"]
[Source "www.chesslib.no"]
[SourceDate "2004.05.04"]

1. d4 Nf6 2. c4 e6 3. Nc3 Bb4 4. Bg5 c5 5. d5 h6 6. Bxf6 Qxf6 7. Rc1 O-O 8. Nf3 d6 9. g3 e5 10. Bg2 e4 11. Nd2 e3 12. fxe3 Nd7 13. a3 Ba5 14. Nde4 Qe7 15. O-O f5 16. Nf2 Qxe3 17. Nb5 Qe7 18. Qa4 Bd2 19. Rcd1 Be3 20. Kh1 a6 21. Nc3 Ne5 22. Qb3 f4 23. Nce4 Bg4 24. Rde1 fxg3 25. Qxe3 gxf2 26. Nxf2 Bf5 27. Nd3 Rae8 28. Nxe5 Qxe5 29. Qxe5 Rxe5 30. e4 Rfe8 31. b4 cxb4 32. axb4 Bxe4 33. Bxe4 Rxe4 34. Rxe4 Rxe4 35. Rc1 Rd4 36. Kg2 b5 37. c5 dxc5 38. bxc5 Rxd5 39. c6 Rd8 40. Kf3 Kf7 41. Ra1 Ra8 42. c7 Rc8 43. Rxa6 Rxc7 44. Rb6 Rc3+ 45. Kg4 Rc4+ 46. Kf5 Rc5+ 47. Kg4 Rc4+ 48. Kf5 Rc5+ 49. Kg4 h5+ 50. Kf4 g6 51. h3 Kg7 52. Rb7+ Kh6 53. h4 Rc3 0-1

[Event "Manila ol (Men)"]
[Site "Manila PHI"]
[Date "1992.??.??"]
[Round "?"]
[White "Ionescu, Constantin"]
[Black "Kurajica, Bojan"]
[Result "1/2-1/2"]
[WhiteElo "2465"]
[BlackElo "2585"]
[PlyCount "67"]
[EventDate "1992.06.??"]
[Source "www.chesslib.no"]
[SourceDate "2004.05.04"]

1. d4 Nf6 2. c4 e6 3. Nc3 Bb4 4. Bg5 c5 5. d5 Bxc3+ 6. bxc3 d6 7. e3 Qe7 8. Nf3 Nbd7 9. Qc2 h6 10. Bh4 e5 11. Nd2 e4 12. Be2 O-O 13. O-O Re8 14. Rae1 g5 15. Bg3 Nf8 16. f3 exf3 17. Bxf3 Ng6 18. e4 g4 19. e5 dxe5 20. d6 Qxd6 21. Bd5 Nxd5 22. cxd5 f5 23. Rxf5 Bxf5 24. Qxf5 Ne7 25. Qxg4+ Qg6 26. Qc4 Kh7 27. Nf3 Qg8 28. Rxe5 Rad8 29. Re6 Ng6 30. Rxe8 Qxe8 31. Qxc5 Qa4 32. d6 Qd1+ 33. Kf2 Re8 34. Qc4 1/2-1/2

[Event "EUCup prel"]
[Site "Solingen GER"]
[Date "1989.10.10"]
[Round "2.3"]
[White "Spassky, Boris Vasily"]
[Black "Rajkovic, Dusan"]
[Result "1/2-1/2"]
[WhiteElo "2580"]
[BlackElo "2465"]
[PlyCount "43"]
[EventDate "1989.10.10"]
[Source "www.chesslib.no"]
[SourceDate "2004.05.04"]

1. d4 Nf6 2. c4 e6 3. Nc3 Bb4 4. Bg5 c5 5. d5 d6 6. e3 exd5 7. cxd5 Nbd7 8. Bb5 O-O 9. Nge2 h6 10. Bh4 Ne5 11. O-O Ng6 12. Bg3 Nh5 13. Bd3 Nxg3 14. Nxg3 Bxc3 15. bxc3 Qe7 16. Qd2 Ne5 17. Be2 Nd7 18. e4 Nf6 19. Rae1 Nxe4 20. Qe3 f5 21. Bd3 Qf7 22. Nxe4 1/2-1/2

[Event "Manresa Open"]
[Site "Manresa"]
[Date "1993.??.??"]
[Round "4"]
[White "Ionescu, Constantin"]
[Black "Spraggett, Kevin B"]
[Result "1/2-1/2"]
[WhiteElo "2475"]
[BlackElo "2565"]
[PlyCount "31"]
[EventDate "1993.??.??"]
[Source "www.chesslib.no"]
[SourceDate "2004.05.04"]

1. d4 Nf6 2. c4 e6 3. Nc3 Bb4 4. Bg5 h6 5. Bh4 c5 6. d5 Bxc3+ 7. bxc3 d6 8. Nf3 Qe7 9. e3 Nbd7 10. Nd2 O-O 11. dxe6 Qxe6 12. Be2 b6 13. O-O Bb7 14. Bg3 Rfe8 15. Qa4 Ne5 16. Rad1 1/2-1/2

[Event "Gibraltar Masters"]
[Site "?"]
[Date "2003.02.02"]
[Round "6"]
[White "Barsov Alexei"]
[Black "Campora Daniel H"]
[Result "1/2-1/2"]
[WhiteElo "2525"]
[BlackElo "2505"]
[PlyCount "72"]
[EventDate "2003.??.??"]
[Source "www.chesslib.no"]
[SourceDate "2004.05.04"]

1. d4 Nf6 2. c4 e6 3. Nc3 Bb4 4. Nf3 O-O 5. Bg5 h6 6. Bh4 c5 7. Rc1 cxd4 8. Nxd4 Nc6 9. e3 d6 10. Bd3 Bd7 11. O-O Ne5 12. a3 Bxc3 13. Rxc3 Rc8 14. f4 Nxd3 15. Qxd3 d5 16. Bxf6 Qxf6 17. cxd5 exd5 18. Rfc1 Rxc3 19. Rxc3 Qb6 20. Rb3 Qc7 21. Kf2 Re8 22. Qc3 Rc8 23. Qxc7 Rxc7 24. Ke2 Kf8 25. Kd3 Ke7 26. Rc3 Rxc3+ 27. Kxc3 Kd6 28. Nf3 f6 29. Kd4 b6 30. Nd2 Bf5 31. Kc3 Bd7 32. Nb3 a5 33. Nc1 Kc5 34. Nd3+ Kd6 35. Ne1 Kc5 36. Nd3+ Kd6 1/2-1/2

[Event "Novi Sad (ol)"]
[Site "?"]
[Date "1990.??.??"]
[Round "?"]
[White "Beliavsky, A."]
[Black "Prasad, D."]
[Result "1/2-1/2"]
[WhiteElo "2605"]
[BlackElo "2425"]
[PlyCount "61"]
[EventDate "1990.??.??"]
[Source "ChessBase"]
[SourceDate "1990.07.01"]

1. d4 Nf6 2. c4 e6 3. Nc3 Bb4 4. Bg5 h6 5. Bh4 b6 6. f3 c5 7. d5 Bxc3+ 8. bxc3 d6 9. e4 e5 10. Bd3 Nbd7 11. Ne2 Nf8 12. Bf2 Ng6 13. Be3 h5 14. h4 Ng8 15. Ng3 Nxh4 16. Qd2 Ng6 17. Nxh5 Kd7 18. O-O-O Qf8 19. f4 exf4 20. Bxf4 Nf6 21. Nxf6+ gxf6 22. Bh6 Qe7 23. Rhf1 Rg8 24. Qf2 Ne5 25. Qxf6 Qxf6 26. Rxf6 Ke7 27. Rff1 Rxg2 28. Rd2 Rg3 29. Kc2 Bh3 30. Rff2 Rag8 31. Bf4 1/2-1/2

[Event "Ch (Men) Brno CZE"]
[Site "?"]
[Date "2006.02.07"]
[Round "1"]
[White "Stocek Jiri"]
[Black "Bernasek Jan"]
[Result "1/2-1/2"]
[WhiteElo "2580"]
[BlackElo "2446"]
[PlyCount "106"]
[EventDate "2006.??.??"]
[Source "www.chesslib.no"]
[SourceDate "2004.05.04"]

1. d4 Nf6 2. c4 e6 3. Nc3 Bb4 4. Bg5 Bxc3+ 5. bxc3 d6 6. e3 Nbd7 7. Bd3 Qe7 8. Ne2 h6 9. Bh4 g5 10. Bg3 b6 11. f3 Bb7 12. Qa4 e5 13. e4 c6 14. Qc2 Nh5 15. Bf2 Nf4 16. Nxf4 gxf4 17. g3 Qf6 18. Be2 c5 19. Qd2 Nf8 20. gxf4 Qxf4 21. Qxf4 exf4 22. Rg1 Bc8 23. a4 Ng6 24. a5 Rb8 25. Kd2 Kd8 26. Bd3 Kc7 27. h4 h5 28. Rg5 Bd7 29. Kc2 Rb7 30. Ra2 Rbb8 31. Ra1 Rb7 32. e5 dxe5 33. Be4 Bc6 34. d5 Bd7 35. d6+ Kc8 36. axb6 axb6 37. Ra8+ Rb8 38. Ra7 Be6 39. Kb3 Kd8 40. Bxg6 fxg6 41. Rxg6 Bd7 42. Rg7 Bc6 43. Rac7 Bxf3 44. Rgd7+ Ke8 45. Re7+ Kd8 46. Red7+ Ke8 47. Re7+ Kd8 48. Be1 Rh6 49. Rcd7+ Kc8 50. Rc7+ Kd8 51. Rcd7+ Kc8 52. Rc7+ Kd8 53. Rcd7+ Kc8 1/2-1/2

[Event "SWE-ch"]
[Site "Linkoping"]
[Date "2001.07.10"]
[Round "9"]
[White "Agrest, Evgenij"]
[Black "Berg, Emanuel"]
[Result "1/2-1/2"]
[WhiteElo "2529"]
[BlackElo "2496"]
[PlyCount "128"]
[EventDate "2001.06.30"]
[Source "ChessBase"]
[SourceDate "2001.11.13"]

1. d4 e6 2. c4 Nf6 3. Nc3 Bb4 4. Bg5 b6 5. f3 h6 6. Bh4 Be7 7. Bf2 d5 8. cxd5 exd5 9. e3 O-O 10. Bd3 c5 11. Nge2 Nc6 12. O-O c4 13. Bb1 b5 14. a3 Rb8 15. h3 b4 16. axb4 Rxb4 17. Qc1 Nh5 18. Qc2 g6 19. e4 Be6 20. g4 Nf6 21. e5 Ne8 22. Be3 Ng7 23. Qd2 h5 24. Rf2 Qd7 25. Nf4 Rfb8 26. Nd1 c3 27. Nxc3 hxg4 28. hxg4 Nxe5 29. dxe5 d4 30. Nxe6 Nxe6 31. Nd1 Nc5 32. Bf4 Nb3 33. Qd3 Nxa1 34. Ba2 Nb3 35. e6 Qxe6 36. Bxb8 Nc1 37. Qe4 Qxe4 38. Bxf7+ Kxf7 39. fxe4+ Ke6 40. Bxa7 Ke5 41. Rc2 Nd3 42. Rc6 Kf4 43. Kg2 Nxb2 44. Nf2 Bh4 45. Rxg6 Bxf2 46. Kxf2 d3 47. Be3+ Kxe4 48. Bd2 Nd1+ 49. Kg3 Rb2 50. Bf4 Nc3 51. Re6+ Kd5 52. Rd6+ Ke4 53. Re6+ Kd5 54. Rd6+ Kc4 55. Kf3 Nb5 56. Rd8 Nd4+ 57. Ke4 Ne6 58. Rc8+ Nc5+ 59. Kf3 Kd5 60. Rd8+ Ke6 61. Rd6+ Ke7 62. Rd5 Ne6 63. Bd6+ Kf7 64. Rxd3 Rb3 1/2-1/2

[Event "Oakham"]
[Site "Oakham ENG"]
[Date "1994.??.??"]
[Round "9"]
[White "Conquest, Stuart"]
[Black "Emms, John M"]
[Result "0-1"]
[WhiteElo "2495"]
[BlackElo "2525"]
[PlyCount "110"]
[EventDate "1994.??.??"]
[Source "www.chesslib.no"]
[SourceDate "2004.05.04"]

1. d4 Nf6 2. c4 e6 3. Nc3 Bb4 4. Bg5 c5 5. d5 d6 6. e3 exd5 7. cxd5 Nbd7 8. Nge2 O-O 9. a3 Ba5 10. Rb1 h6 11. Bh4 Ne5 12. b4 Bb6 13. Rc1 Bg4 14. h3 Bh5 15. Bg3 Rc8 16. Bxe5 dxe5 17. g4 Bg6 18. Bg2 cxb4 19. axb4 Qd6 20. Qb3 Bd3 21. O-O e4 22. Rfd1 Qe5 23. Nf4 Bc4 24. Qa4 g5 25. Nfe2 Rfd8 26. b5 Bd3 27. Qa2 Rc5 28. Na4 Rxb5 29. Nxb6 Bxe2 30. Qxe2 Rxb6 31. Qc4 Kg7 32. Rd4 Rxd5 33. Rxd5 Qxd5 34. Qxd5 Nxd5 35. Bxe4 Nb4 36. Rc7 a5 37. Bxb7 a4 38. Be4 a3 39. Rc1 Rd6 40. Kg2 a2 41. Kg3 Rd2 42. Ra1 Kf6 43. f4 Ke7 44. Kf3 Kd6 45. Rc1 Nc2 46. Bxc2 Rxc2 47. Rd1+ Ke6 48. Ke4 Rc4+ 49. Kd3 Ra4 50. Ra1 Kd5 51. e4+ Ke6 52. fxg5 hxg5 53. Kc3 Ke5 54. Kb3 Ra6 55. Kb2 f6 0-1

[Event "Mondariz op"]
[Site "Mondariz"]
[Date "1997.??.??"]
[Round "?"]
[White "Campos Moreno, Javier B"]
[Black "Gulko, Boris F"]
[Result "1/2-1/2"]
[WhiteElo "2440"]
[BlackElo "2580"]
[PlyCount "28"]
[EventDate "1997.??.??"]
[Source "www.chesslib.no"]
[SourceDate "2004.05.04"]

1. d4 Nf6 2. c4 e6 3. Nc3 Bb4 4. Nf3 O-O 5. Bg5 h6 6. Bh4 c5 7. e3 cxd4 8. exd4 d5 9. Rc1 b6 10. cxd5 exd5 11. Be2 Bb7 12. O-O Be7 13. Re1 Nbd7 14. Ne5 Nxe5 1/2-1/2